000 00576nam a22001457a 4500
008 140822b xxu||||| |||| 00| 0 eng d
020 _a0406091439
050 _aKD277.7.L39(1881-1882 vol.8)
245 _aThe Law Reports (1881-1882 vol.8) Queen's Bench Division: under superintendence and control of the incorporated council of law reporting for England and Wales. /
_cedited by J.R. Bulwer.
260 _aLondon:
_bButterworth & Co Ltd,
_c1881-1882.
300 _axvi,712p.:
_c24cm.
440 _pqueen's bench division.
_vvol.8.
800 _aBulwer, J.R.
942 _2lcc
_cBK
999 _c3692
_d11192